Post-action protocol (Record no. 107480)
[ view plain ]
| 000 -LEADER | |
|---|---|
| fixed length control field | 00983cai a22002295a 4500 |
| 001 - CONTROL NUMBER | |
| control field | L140306 |
| 008 - FIXED-LENGTH DATA ELEMENTS--GENERAL INFORMATION | |
| fixed length control field | 070917s2007 xxk f 000 0 eng d |
| 035 ## - SYSTEM CONTROL NUMBER | |
| System control number | (Sirsi) u140306 |
| 041 0# - LANGUAGE CODE | |
| Language code of text/sound track or separate title | eng |
| 050 04 - LIBRARY OF CONGRESS CALL NUMBER | |
| Classification number | 346.410436 $2 18 |
| 110 2# - MAIN ENTRY--CORPORATE NAME | |
| Corporate name or jurisdiction name as entry element | Property Litigation Association |
| 9 (RLIN) | 4147 |
| 245 00 - TITLE STATEMENT | |
| Title | Post-action protocol |
| Remainder of title | part II Landlord and Tenant Act 1954 |
| Medium | [electronic resource] |
| 260 ## - PUBLICATION, DISTRIBUTION, ETC. | |
| Place of publication, distribution, etc. | [S.l] |
| Name of publisher, distributor, etc. | PLA |
| Date of publication, distribution, etc. | 2007 |
| 505 2# - FORMATTED CONTENTS NOTE | |
| Formatted contents note | Introduction -- Standard lease renewal proceedings -- Contested Lease renewal proceedings -- Appendices |
| 520 ## - SUMMARY, ETC. | |
| Summary, etc. | Provides general guidance to landlords and tenants, concerning the way in which business tenancy proceedings will normally operate. |
| 590 ## - LOCAL NOTE (RLIN) | |
| Local note | KA |
| 650 24 - SUBJECT ADDED ENTRY--TOPICAL TERM | |
| Topical term or geographic name entry element | LANDLORD AND TENANT ACT 1954 PART II |
| 651 #4 - SUBJECT ADDED ENTRY--GEOGRAPHIC NAME | |
| Geographic name | England and Wales |
| Chronological subdivision | 1543- |
| 690 ## - LOCAL SUBJECT ADDED ENTRY--TOPICAL TERM (OCLC, RLIN) | |
| Topical term or geographic name as entry element | PROPERTY-LEASEHOLD PROPERTY-LANDLORD AND TENANT-LEASES-LEASE RENEWAL |
| 856 40 - ELECTRONIC LOCATION AND ACCESS | |
| Uniform Resource Identifier | <a href="https://www.pla.org.uk/library">https://www.pla.org.uk/library</a> |
| Public note | View this item free of charge at www.pla.org.uk... |
| 942 ## - ADDED ENTRY ELEMENTS (KOHA) | |
| Suppress in OPAC | 0 |
| Withdrawn status | Lost status | Source of classification or shelving scheme | Damaged status | Not for loan | Home library | Current library | Shelving location | Date acquired | Total Checkouts | Full call number | Barcode | Date last seen | Copy number | Price effective from | Koha item type |
|---|---|---|---|---|---|---|---|---|---|---|---|---|---|---|---|
| Dewey Decimal Classification | Virtual | Virtual | Online | 17/09/2007 | ONLINE PUBLICATION | 140306-1001 | 06/08/2019 | 1 | 06/08/2019 | Book |